Bohemian Rhapsody FULL - Statistics

General Stats
  • This quiz has been taken 107 times
  • The average score is 269 of 353
Answer Stats
Answer % Correct
I
100%
A
99%
Just
96%
No
96%
See
96%
The
96%
You
96%
And
95%
In
95%
Life
95%
Real
95%
Eye
93%
Go
93%
This
93%
To
93%
Boy
92%
From
92%
Im
92%
Reality
92%
Escape
91%
Fantasy
91%
Come
89%
Easy
89%
Is
89%
Me
89%
Poor
89%
Your
89%
Caught
88%
Do
88%
Eyes
88%
Mamma
88%
Man
88%
Open
88%
Landslide
86%
Little
86%
Really
86%
Up
86%
Look
85%
Matter
85%
Sympathy
85%
Blows
84%
High
84%
Killed
84%
Low
84%
Skies
84%
Wind
84%
Any
82%
It
82%
Mama
82%
My
82%
Not
82%
Now
82%
Put
82%
Again
81%
Because
81%
Need
81%
Begun
80%
Dead
80%
Gun
80%
Head
80%
Hes
80%
Trigger
80%
All
78%
His
78%
Pulled
78%
Way
78%
Had
77%
Has
77%
Nothing
77%
Against
76%
Of
76%
Got
74%
Ive
74%
Away
73%
Die
73%
DIe
73%
Let
73%
Matters
73%
Carry
72%
Oh
72%
On
72%
So
72%
Time
72%
Gone
70%
If
70%
Leave
70%
Love
70%
Tomorrow
70%
Cry
69%
Didnt
69%
Make
69%
Mean
69%
Thrown
69%
Back
68%
Face
66%
Very
66%
As
65%
But
65%
Dont
65%
Fandango
65%
(Galileo)
65%
Galileo
65%
Truth
65%
Can
64%
Frightening
64%
Never
64%
Will
64%
Family
62%
Gotta
62%
At
61%
Behind
61%
Lightning
61%
Nobody
61%
Wanna
61%
Been
59%
Born
59%
Thunderbolt
59%
Baby
58%
Id
58%
Late
58%
Loves
58%
Out
58%
Spine
58%
Too
58%
Wish
58%
Aching
57%
Down
57%
Get
57%
Here
57%
Sometimes
57%
Spit
57%
We
57%
Bodys
55%
Him
55%
Mia
55%
Shivers
55%
For
54%
Goodbye
54%
Right
54%
Everybody
53%
Monstrosity
53%
Ooh
51%
Spare
51%
Think
51%
Magnifico
49%
Cant
47%
Figaro
47%
Outta
45%
Silhouetto
45%
Devil
43%
Anyone
42%
Aside
41%
Beelzebub
41%
Sends
41%
Scaramouche
38%
Yeah
23%
Stone
20%
(Any Way The Wind Blows)
9%
Dosent
8%
(Let Him Go)
8%
(Let Me Go)
7%
بِسْمِ ٱللَّٰهِ
3%
No matching quizzes found
Score Distribution
Percent of People with Each Score
Percentile by Number Answered
Your Score History
You have not taken this quiz